Estudio de coordinacion de protecciones del sistema electrico de Coopeguanacaste R.L.

Gorde:
Xehetasun bibliografikoak
Egile nagusia: Soto Gamboa, Claudio
Formatua: Liburua
Argitaratua: San José, Costa Rica 1986
Gaiak:
Etiketak: Etiketa erantsi
Etiketarik gabe, Izan zaitez lehena erregistro honi etiketa jartzen!

MARC

LEADER 00000nam a2200000Ia 4500
003 004299
005 20221231144349.0
008 140114s1986 cr a m 000 ||s d
040 |c cru CEDI 
090 |a TFG 1989 
100 |a Soto Gamboa, Claudio.  |9 13883 
245 |a Estudio de coordinacion de protecciones del sistema electrico de Coopeguanacaste R.L. 
260 |c 1986  |a San José, Costa Rica 
300 |a  [81] hojas : ilustraciones ; 28 cm  
500 |a  Tesis (licenciatura en ingeniería eléctrica)--Universidad de Costa Rica. Facultad de Ingeniería. Escuela de Ingeniería Eléctrica 
650 |x COOPERATIVA DE ELECTRIFICACION RURAL DE GUANACASTE (COSTA RICA)  |9 13884 
942 |c TFG 
999 |c 20770  |d 20770